Výstupy výskumného projektu VEGA č. 263 Súčasné trendy financovania verejného sektora s dôrazom na efektívnosť verejných výdavkov

Salvato in:
Dettagli Bibliografici
Autore principale: Zubaľová, Alena, 1959-
Natura: Capitolo di libro
Lingua:slovacco
Soggetti:
Tags: Aggiungi Tag
Nessun Tag, puoi essere il primo ad aggiungerne!!

MARC

LEADER 00000nla$a2200000$$$4500
001 0144184
005 20240604112638.4
041 0 |a slo 
044 |a SK 
245 1 0 |a Výstupy výskumného projektu VEGA č. 263 Súčasné trendy financovania verejného sektora s dôrazom na efektívnosť verejných výdavkov  |c Alena Zubaľová 
610 2 0 |a financie verejné 
610 2 0 |a sektor verejný 
610 2 0 |a projekty 
100 1 |a Zubaľová, Alena, 1959-